• 首页
  • 本馆介绍
  • 公告通知
  • 最新文献
  • 馆藏检索
  • 电子资源
  • 读者导购
  • 参考咨询
  • 我的图书馆
  • 登录
  • 详细信息显示
  • 放入我的书架
  • 预约/预借图书
  • 作者相关作品
  • 分类相关作品
  • 丛书相关作品
  • 出版社相关作品

书目信息

  • 表格格式
  • 工作单格式
  • 卡片格式
题名:
遥感专题分析与地学图谱
    
 
作者: 傅肃性 著
分册:  
出版信息: 北京   科学出版社  2002
页数: 228页
开本: 26cm
丛书名:
单 册:
中图分类: P283.8
科图分类:
主题词: 遥感成象--地图学
电子资源:
ISBN: 7-03-009819-6
000 00849nam0 2200229 45
001 060000015822
005 20050913162412.89
010    @a7-03-009819-6@dCNY30.00
100    @a20041209e20032002ekmy0chiy0120 ea
101 0  @achi
102    @aCN@b110000
105    @aak az 000yy
200 1  @a遥感专题分析与地学图谱@Ayao gan zhuan ti fen xi yu di xue tu pu@f傅肃性著@FFu Su Xing Zhu
210    @a北京@c科学出版社@d2002
215    @a228页@c图@d26cm
300    @a中国科学院出版科学基金资助出版
330    @a本书是一部理论与实践密切结合论述遥感专题制图的专著。全书共12章,内容包括三部分:论述空间遥感信息机理与专题制图研究的理论与方法;阐述遥感图像地学多元分析、专题识别制图的实践;介绍遥感制图输出与制印工艺设计。
606 0  @a遥感成象@x地图学
690    @aP283.8@v4
701  0 @a傅肃性@4著
801  0 @aCN@bCXYBOOK@c20050913
905    @dP283.8@e87
    
    遥感专题分析与地学图谱/傅肃性著.-北京:科学出版社,2002
    228页:图;26cm
    中国科学院出版科学基金资助出版
    
    ISBN 7-03-009819-6:CNY30.00
    本书是一部理论与实践密切结合论述遥感专题制图的专著。全书共12章,内容包括三部分:论述空间遥感信息机理与专题制图研究的理论与方法;阐述遥感图像地学多元分析、专题识别制图的实践;介绍遥感制图输出与制印工艺设计。
●
相关链接 在E读中查询图书 在五车中查询图书 在当当中查询图书 在豆瓣中查询图书


正题名:遥感专题分析与地学图谱     索取号:P283.8/87         预约/预借

序号 登录号 条形码 馆藏地/架位号 状态 备注
1 0358100   3581001   第二样本阅览室/ [索取号:P283.8/87] 在馆    
2 0358101   3581010   第三借阅区/ [索取号:P283.8/87] 在馆    
3 0358102   3581029   第三借阅区/ [索取号:P283.8/87] 在馆    
4 0358103   3581038   第三借阅区/ [索取号:P283.8/87] 在馆    
5 0358104   3581047   第三借阅区/ [索取号:P283.8/87] 在馆    
6 0360819   3608199   第三借阅区/ [索取号:P283.8/87] 在馆    
7 0360820   3608206   第三借阅区/ [索取号:P283.8/87] 在馆    
8 0360821   3608215   第三借阅区/ [索取号:P283.8/87] 在馆    
9 0360822   3608224   第三借阅区/ [索取号:P283.8/87] 在馆    
10 0360823   3608233   第三借阅区/ [索取号:P283.8/87] 在馆    
唐山师范学院图书馆 欢迎您!
大连网信软件有限公司© 版权所有